10 Random History Facts #3 - Statistics

General Stats
  • This quiz has been taken 51 times
  • The average score is 6 of 10
Answer Stats
Question Answer % Correct
True or False: A Roman emperor made his horse a senator and gave him many gifts. True
91%
What last name were slaves given after winning their freedom through lawsuits? Freeman
87%
True or False: Einstein was offered the presidency of Israel True
68%
What founding father died within hours of John Adams? Thomas Jefferson
66%
What country houses the oldest parliament in history? Iceland
49%
Which ancient country used slaves as flycatchers? The Egyptians
47%
What country or group of countries attempted to snuff out the memory of Genghis Khan? The Soviet Union
47%
True or False: Shakespeare created the "yo mamma" joke True
45%
What birds were once worshipped by the Mayans? Turkeys
30%
The South African Railroad hired what primate? Baboon
28%
No matching quizzes found
Score Distribution
Percent of People with Each Score
Percentile by Number Answered
Your Score History
You have not taken this quiz